Caricamento...

The cambridge history of literary criticism /

Dettagli Bibliografici
Altri autori: Habib, M. A. R. (Redattore)
Natura: Printed Book
Lingua:English
Pubblicazione: New York : Cambridge University Press, 2013.
Soggetti:
LEADER 00644nam a22001697a 4500
008 130801b xxu||||| |||| 00| 0 eng d
999 |c 2393  |d 2393 
020 |a 9780521300117 
082 |a HAB  |b  HAB 
245 |a The cambridge history of literary criticism /  |c edited by M. A. R. Habib 
260 |a New York :  |b Cambridge University Press,  |c 2013. 
300 |a 695p. 
650 |a Literature 
650 |a Literary criticism 
700 |a Habib, M. A. R.  |e editor 
942 |2 ddc  |c BK 
952 |0 0  |1 0  |2 ddc  |4 0  |6 801_950000000000000_HAB  |7 0  |9 2772  |a MAIN  |b MAIN  |d 2013-08-01  |e Athulya Books  |g 9768.00  |h 6 vol.  |l 1  |o 801.95 HAB  |p 2806  |r 2017-05-05  |s 2016-06-08  |t 1  |w 2013-08-01  |y BK